000 01616nam 22002173 4500
001 199437
010 _a978-989-9254-19-0
021 _aPT
_b544 090/25
090 _a199437
100 _a20251205d u||y0pory50 ba
200 _aApesar do sangue
_fRita da Nova
205 _a
210 _aBarcarena
_cManuscrito
_d2025
215 _a246 p.
_cbrochado
_d23 cm
330 _a«Ninguém sabe o que custa conquistar uma criança que desistiu do mundo até ter de o fazer.» Glória está a envelhecer. Na tomada de consciência de que o fim pode estar para breve, é no neto que recaem todas as suas preocupações: se ela desaparecer, quem vai cuidar dele? Quem vai tomar conta de Pedro, o rapaz que todos escolheram abandonar? Rita da Nova está de volta com um romance em que os relatos dos vários protagonistas se entrelaçam para contar uma história repleta de feridas profundas. Com uma narrativa delicada e carregada de sensibilidade, a autora transporta-nos num enredo não linear em que todas as personagens principais têm direito a fazer-se ouvir: Glória, a avó que aguenta todas as tempestades da família. Helena, a mãe que abandona o filho. Eduardo, o padrasto que já não o é, mas que nunca esqueceu a criança de quem cuidou um dia. E Pedro, claro, Pedro, o elo que os une: o rapaz que todos rejeitaram, que ninguém soube amar sem prazo e que, em breve, pode precisar desesperadamente de uma nova oportunidade.
606 _aLiteratura Portuguesa
_96
675 _a821.134.3-3
_vPT
_zpor
700 _915295
_aNova
_bRita da
_f1991-
801 _aPT
_bBMMN
_gRPC
830 _cAna
_fAna
990 _cLIVROS